000
00297nam a22001337a 4500
008
171101b xxu||||| |||| 00| 0 eng d
020
_a
9781405102803
041
_a
eng
080
_a
339.9
100
_a
59
101
_a
GLO
245
_a
THE GLOBALIZATION READER
_c
FRANK.J.L
942
_2
udc
_c
BK
999
_c
37148
_d
37148